Sports Quiz

Random Sports or NHL Quiz

NHL 40 Goals Scored In a Season Quiz Stats

 Plays Quiz Updated Apr 11, 2018

Challenge
Share
Tweet
Embed
Score 0/231 Timer 20:00
2 Plays Today
Goals Player % Correct
92 (12)Wayne Gretzky
97.6%
85 (10)Mario Lemieux
89.4%
86 (8)Brett Hull
88.3%
41 (1)Claude Lemieux
88.1%
58 (8)Bobby Hull
88.1%
40 (1)Dennis Hull
87.6%
65 (9)Alex Ovechkin
87.5%
51 (2)Sidney Crosby
83.8%
62 (6)Jaromir Jagr
83%
65 (6)Steve Yzerman
79.6%
50 (4)Mark Messier
79.5%
76 (7)Teemu Selänne
78.2%
46 (1)Bobby Orr
77%
76 (8)Phil Esposito
74.5%
50 (4)Maurice Richard
74.3%
60 (4)Steven Stamkos
74.3%
52 (1)Jacques Richard
74%
69 (9)Mike Bossy
73.8%
71 (7)Jari Kurri
73.7%
54 (5)Joe Sakic
73.2%
49 (5)Gordie Howe
72.5%
60 (5)Pavel Bure
72.5%
52 (4)Jarome Iginla
71.8%
50 (3)Evgeni Malkin
71.8%
41 (1)Daniel Sedin
69.3%
43 (1)Martin St. Louis
68.9%
63 (8)Luc Robitaille
68.7%
47 (4)Eric Lindros
68%
60 (6)Guy Lafleur
67.5%
46 (1)Patrick Kane
66.7%
52 (2)Vincent Lecavalier
66.2%
46 (1)Wendel Clark
65.1%
76 (3)Alexander Mogilny
65%
50 (1)Mike Modano
64.2%
52 (6)Ilya Kovalchuk
63.8%
59 (10)Marcel Dionne
63.5%
47 (3)Mats Sundin
62.8%
50 (4)Dany Heatley
62.4%
54 (7)Pat LaFontaine
61.2%
48 (2)Paul Coffey
60.6%
43 (2)Daniel Alfredsson
60.4%
56 (1)Sergei Fedorov
60.3%
41 (1)Connor McDavid
59.9%
50 (5)Bryan Trottier
58.8%
53 (4)Jeremy Roenick
58.4%
52 (6)Brendan Shanahan
58.3%
42 (3)Rick Nash
57.7%
50 (3)Paul Kariya
57.3%
44 (1)Patrick Marleau
56.6%
55 (4)Cam Neely
55.9%
51 (4)Theoren Fleury
55.9%
55 (4)Kevin Stevens
55.8%
43 (2)Mats Näslund
55.5%
45 (3)Eric Staal
55.5%
48 (3)Markus Näslund
55.2%
51 (5)John LeClair
55.2%
54 (4)Glenn Anderson
55.1%
66 (6)Lanny McDonald
54.1%
50 (2)Corey Perry
53.8%
52 (4)Keith Tkachuk
53.8%
43 (1)Bobby Smith
53.6%
53 (4)Mark Recchi
53.5%
53 (7)Dale Hawerchuk
53.5%
52 (4)Peter Bondra
53.3%
40 (1)Patrik Elias
53.3%
47 (3)Denis Savard
53.1%
45 (3)Marian Hossa
53%
40 (1)Auston Matthews
52.9%
45 (1)Adam Oates
52.5%
47 (5)Peter Stastny
52.4%
56 (1)Jonathan Cheechoo
52.3%
54 (4)Dave Andreychuk
52.2%
40 (1)Anders Lee
51.5%
40 (1)Tyler Seguin
51.1%
58 (3)Pierre Turgeon
50.6%
70 (3)Bernie Nicholls
50.4%
50 (9)Mike Gartner
50.3%
Goals Player % Correct
45 (2)Sylvain Turgeon
50.1%
41 (1)Jamie Benn
50.1%
40 (1)Stan Mikita
50%
50 (2)Milan Hejduk
49.6%
42 (3)Marian Gaborik
49.5%
40 (1)Vladimir Tarasenko
49.4%
42 (1)Doug Gilmour
49.2%
51 (4)Joe Nieuwendyk
48.8%
43 (1)Henrik Zetterberg
48.8%
45 (1)Zach Parise
48.5%
55 (7)Dino Ciccarelli
47.7%
46 (1)Jeff Carter
46.8%
57 (7)Michel Goulet
46.5%
47 (2)Jean Beliveau
46.5%
46 (1)Todd Bertuzzi
46.1%
44 (1)Patrik Laine
46.1%
44 (3)Gilbert Perreault
45.9%
44 (2)Alexei Yashin
45.5%
52 (1)Adam Graves
45.2%
41 (1)Joe Pavelski
44.7%
45 (5)Darryl Sittler
44.2%
40 (2)Rene Robert
44.2%
44 (1)Alex Kovalev
43.9%
40 (1)Alexander Semin
43.8%
60 (4)Steve Shutt
43.6%
40 (1)Nikita Kucherov
43.5%
40 (1)James Neal
43%
51 (2)John Bucyk
43%
61 (3)Reggie Leach
41.6%
44 (2)Owen Nolan
41.5%
41 (1)Ryan Kesler
41.2%
43 (1)William Karlsson
41.1%
52 (5)Rick Martin
40.6%
51 (7)Joe Mullen
40.5%
44 (3)Tony Amonte
40.3%
53 (2)Gary Roberts
40.1%
46 (2)Brian Sutter
39.4%
42 (1)Brent Sutter
39.4%
40 (1)Darryl Sutter
39.4%
47 (2)Simon Gagne
39.2%
50 (5)Bill Barber
39.2%
47 (3)Dave Taylor
38.8%
43 (2)Thomas Vanek
38.6%
55 (4)Brian Bellows
38.6%
46 (5)Steve Larmer
38.4%
58 (5)Tim Kerr
38.4%
41 (1)Bernie Federko
37.6%
49 (1)Rob Brown
37.5%
40 (1)Vincent Damphousse
37.4%
50 (1)Bernie Geoffrion
37.1%
40 (1)Jason Blake
36.6%
46 (4)Pat Verbeek
36.1%
48 (1)Brian Gionta
36%
48 (3)Ziggy Palffy
35.9%
46 (2)Jean Ratelle
35.8%
43 (1)Rod Gilbert
35.5%
44 (2)Glen Murray
35.4%
60 (2)Dennis Maruk
35.3%
54 (4)Rick Vaive
35.1%
45 (1)Troy Murray
35.1%
55 (2)Jimmy Carson
34.5%
41 (2)Bill Guerin
34.3%
51 (2)Stephane Richer
33.8%
49 (3)Frank Mahovlich
33.8%
56 (3)Charlie Simmer
33.6%
51 (5)Rick Middleton
33.2%
47 (4)Yvan Cournoyer
32.9%
48 (3)Rick Tocchet
32.8%
56 (1)Craig Simpson
32.3%
46 (1)Blair MacDonald
32.3%
41 (3)Paul MacLean
31.9%
43 (1)Lowell MacDonald
31.9%
40 (1)Miroslav Satan
31.6%
45 (3)John MacLean
31.6%
44 (1)Jacques Lemaire
31.2%
46 (2)Geoff Sanderson
31.1%
50 (1)Hakan Loob
30.8%
Goals Player % Correct
44 (4)Brian Propp
30.4%
42 (2)Steve Thomas
30%
40 (1)Scott Young
29.7%
40 (1)Warren Young
29.7%
49 (3)Kent Nilsson
29.6%
50 (3)Ken Hodge
29.5%
44 (1)Mark Hunter
29.1%
56 (3)Danny Gare
28.6%
50 (2)Rick MacLeish
27.9%
55 (4)John Ogrodnick
27.9%
44 (1)Joe Malone
27.6%
52 (1)Ray Sheppard
27.4%
53 (3)Pierre Larouche
27.2%
55 (1)Rick Kehoe
26.8%
51 (1)Gary Leeman
26.6%
40 (1)Howie Morenz
26.2%
45 (2)Tomas Sandström
25.8%
43 (1)Brad Boyes
25.8%
50 (1)Vic Hadfield
25.4%
52 (4)Jean Pronovost
25.3%
56 (4)Blaine Stoughton
25.2%
42 (1)Norm Ullman
25.1%
53 (1)Bob Carpenter
24.5%
45 (2)Kevin Dineen
24.3%
42 (1)Geoff Courtnall
23.6%
40 (1)Andy Bathgate
23.4%
41 (1)Dickie Moore
23.2%
45 (1)Petr Nedved
23.1%
40 (2)Dave Gagner
23%
41 (1)Jeff O'Neill
22.9%
54 (3)Al Secord
22.7%
40 (1)Petr Klima
22.7%
42 (1)John Tonelli
22.6%
41 (2)Ray Ferraro
22%
46 (2)Barry Pederson
21.3%
51 (3)Mike Bullard
21.1%
45 (3)Tony Tanti
20.1%
44 (2)Mike Rogers
20.1%
52 (3)Mickey Redmond
20%
42 (2)Garry Unger
19.7%
42 (1)Brian Bradley
19.5%
54 (1)Wayne Babych
18.6%
50 (1)Guy Chouinard
18.5%
42 (1)Ed Olczyk
17.9%
41 (2)Wilf Paiement
17.3%
40 (1)Derek King
16.3%
41 (1)Mike Ridley
16.2%
50 (1)Danny Grant
16.2%
41 (1)Mike Foligno
15.8%
48 (1)Bill Goldsworthy
15.8%
40 (2)Robert Reichel
15.2%
41 (2)Peter McNab
14.9%
41 (1)Dave Christian
14.8%
40 (1)Ron Duguay
14.1%
42 (1)Real Cloutier
13.3%
41 (1)Steve Vickers
13.3%
43 (1)Errol Thompson
12.9%
43 (1)Mike Krushelnyski
12.5%
40 (1)Dan Quinn
12.3%
41 (1)Dit Clapper
12.3%
42 (1)Steve Payne
11.2%
40 (1)Tony McKegney
10.9%
41 (1)Jim Pappin
9.8%
40 (2)Mark Napier
9.6%
40 (1)Bob Kudelski
9.6%
42 (1)Al MacAdam
9.1%
40 (1)Brent Ashton
9%
42 (1)Darcy Rota
8.9%
40 (1)Bill Derlago
8.9%
43 (1)Bill Flett
8.9%
40 (1)Walt Poddubny
8.8%
43 (1)Cooney Weiland
8.4%
43 (1)Morris Lukowich
8.1%
43 (1)Scott Bjugstad
6.5%
40 (1)Pat Hickey
6.2%
43 (1)Chuck Lefley
6.1%
40 (1)Ron Sedlbauer
6%

You're not logged in!

Compare scores with friends on all Sporcle quizzes.
Join for Free
OR
Log In

You Might Also Like...

Show Comments

Extras

Top Quizzes Today


Score Distribution

Your Account Isn't Verified!

In order to create a playlist on Sporcle, you need to verify the email address you used during registration. Go to your Sporcle Settings to finish the process.

Report this User

Report this user for behavior that violates our Community Guidelines.

Details: